[Event "Steinfurt Bezirksklasse 0405"]
[Site "Germany"]
[Date "2004.11.27"]
[Round "4.8"]
[White "Winter, Engelbert"]
[Black "Foerster, Daniel"]
[Result "0-1"]
[WhiteElo "1098"]
[BlackElo "1170"]
[PlyCount "78"]
[EventDate "2004.09.18"]
[EventType "team-tourn"]
[EventRounds "11"]
[EventCountry "GER"]
[SourceTitle "EXT 2006"]
[Source "ChessBase"]
[SourceDate "2005.11.24"]
[SourceVersion "1"]
[SourceVersionDate "2005.11.24"]
[SourceQuality "1"]
[WhiteTeam "Saerbeck IV"]
[BlackTeam "Rheine SG II"]
[WhiteTeamCountry "GER"]
[BlackTeamCountry "GER"]

1. d4 d5 2. c4 e6 3. Nc3 Nf6 4. e3 c5 5. Nf3 Nc6 6. Bd3 cxd4 7. exd4 Nb4 8. Be2 Qb6 9. c5 Qa5 10. a3 Be7 11. 0-0 0-0 12. Bd2 Nc6 13. Nb5 Qd8 14. Qc2 a6 15. Nc3 b6 16. cxb6 Qxb6 17. Bd3 Rb8 18. b4 a5 19. b5 Na7 20. Rab1 Bxa3 21. Na4 Qd6 22. b6 Nc6 23. Be3 g6 24. Bh6 Re8 25. Bg5 Nd7 26. Rb3 e5 27. Re1 e4 28. Nh4 Nxd4 29. Qa2 Nxb3 30. Qxb3 Nxb6 31. Nxb6 Rxb6 32. Qc3 Bb4 33. Qa1 Bxe1 34. Qxe1 f6 35. Bd2 Bd7 36. g3 exd3 37. Qc1 g5 38. Bxg5 Bh3 39. Bf4 Qb4 0-1

[Event "Steinfurt Bezirksklasse 0405"]
[Site "Germany"]
[Date "2004.10.09"]
[Round "2.7"]
[White "Schulte, Andre"]
[Black "Winter, Engelbert"]
[Result "1-0"]
[WhiteElo "879"]
[BlackElo "1098"]
[PlyCount "133"]
[EventDate "2004.09.18"]
[EventType "team-tourn"]
[EventRounds "11"]
[EventCountry "GER"]
[SourceTitle "EXT 2006"]
[Source "ChessBase"]
[SourceDate "2005.11.24"]
[SourceVersion "1"]
[SourceVersionDate "2005.11.24"]
[SourceQuality "1"]
[WhiteTeam "Steinfurt IV"]
[BlackTeam "Saerbeck IV"]
[WhiteTeamCountry "GER"]
[BlackTeamCountry "GER"]

1. e4 e5 2. Nf3 d6 3. Bc4 Bg4 4. d3 f6 5. Nc3 Ne7 6. Nd5 Nxd5 7. Bxd5 c6 8. Bb3 Nd7 9. h3 Bxf3 10. Qxf3 Nc5 11. 0-0 Nxb3 12. cxb3 Qe7 13. Be3 c5 14. Rac1 Rc8 15. b4 b6 16. Qg4 Rc7 17. Rc2 cxb4 18. Rxc7 Qxc7 19. Rc1 Qd7 20. Rc8+ Ke7 21. f4 h5 22. Qf5 Rh6 23. Qxd7+ Kxd7 24. Rxf8 exf4 25. Bxf4 Rg6 26. Rf7+ Ke6 27. Rxa7 d5 28. Rb7 dxe4 29. dxe4 f5 30. Rxb6+ Kf7 31. Rxb4 fxe4 32. Rxe4 Rc6 33. b3 Rc2 34. a4 Rb2 35. Rb4 Kf6 36. Be3 Rb1+ 37. Kf2 Rb2+ 38. Ke1 Rxg2 39. a5 Rg3 40. Bd4+ Kg6 41. a6 Rxh3 42. Rb6+ Kh7 43. a7 Rh1+ 44. Kd2 Ra1 45. Rb8 Ra2+ 46. Kc3 Ra6 47. a8Q Rxa8 48. Rxa8 Kg6 49. b4 h4 50. Ra5 h3 51. Be5 Kf7 52. b5 Ke6 53. Bh2 Kd7 54. Kc4 g5 55. Kc5 Kc8 56. Kc6 g4 57. b6 Kd8 58. b7 g3 59. Bxg3 h2 60. Bxh2 Ke7 61. b8Q Ke6 62. Kc5 Kf5 63. Qf4+ Kg6 64. Kc4 Kg7 65. Ra6 Kg8 66. Qc7 Kf8 67. Ra8# 1-0

[Event "Steinfurt Bezirksklasse 0304"]
[Site "Germany"]
[Date "2004.02.07"]
[Round "6.3"]
[White "Winter, Engelbert"]
[Black "Hooft, Rudolf"]
[Result "1/2-1/2"]
[WhiteElo "1118"]
[BlackElo "1424"]
[PlyCount "41"]
[EventDate "2003.09.27"]
[EventType "team-tourn"]
[EventRounds "11"]
[EventCountry "GER"]
[SourceTitle "EXT 2005"]
[Source "ChessBase"]
[SourceDate "2004.11.15"]
[SourceVersion "1"]
[SourceVersionDate "2004.11.15"]
[SourceQuality "1"]
[WhiteTeam "Saerbeck Falke IV"]
[BlackTeam "Rheine SG II"]
[WhiteTeamCountry "GER"]
[BlackTeamCountry "GER"]

1. e4 e5 2. Bc4 Nf6 3. Nc3 Nc6 4. Nf3 Be7 5. 0-0 Na5 6. Bb5 c6 7. Be2 0-0 8. a3 d5 9. exd5 e4 10. Ne1 cxd5 11. d3 Qc7 12. dxe4 dxe4 13. Nb5 Qe5 14. g3 Rd8 15. Bd2 a6 16. Nc3 Nc6 17. Qc1 Nd4 18. Bd1 Bh3 19. Ng2 Nf3+ 20. Bxf3 exf3 21. Re1 1/2-1/2

[Event "Steinfurt Kreisklasse 0203"]
[Site "Germany"]
[Date "2002.10.26"]
[Round "2.4"]
[White "Meyer, Oliver"]
[Black "Winter, Engelbert"]
[Result "0-1"]
[WhiteElo "1204"]
[BlackElo "1131"]
[PlyCount "93"]
[EventDate "2002.09.21"]
[EventType "team-tourn"]
[EventRounds "10"]
[EventCountry "GER"]
[SourceTitle "EXT 2005"]
[Source "ChessBase"]
[SourceDate "2004.11.15"]
[SourceVersion "1"]
[SourceVersionDate "2004.11.15"]
[SourceQuality "1"]
[WhiteTeam "Emsdetten Rochade IV"]
[BlackTeam "Saerbeck Falke IV"]
[WhiteTeamCountry "GER"]
[BlackTeamCountry "GER"]

1. e4 e5 2. Nf3 Nc6 3. Bc4 Bc5 4. c3 Nf6 5. d4 exd4 6. cxd4 Bb6 7. e5 d5 8. exf6 dxc4 9. fxg7 Rg8 10. 0-0 Rxg7 11. Re1+ Ne7 12. Qa4+ Qd7 13. Nc3 Qxa4 14. Nxa4 Ba5 15. Re5 Bb4 16. Bg5 Bd7 17. Nc5 Bxc5 18. dxc5 Be6 19. Rd1 Nc6 20. Re4 h6 21. Bxh6 Rg6 22. Bf4 Rc8 23. Ng5 Rd8 24. Rxd8+ Kxd8 25. h3 Ke7 26. Nxe6 Rxe6 27. Rxe6+ fxe6 28. Bxc7 Nb4 29. Bd6+ Kf7 30. Bb8 a6 31. Kh2 Nxa2 32. Be5 Nb4 33. Bc3 Nd3 34. Kg3 Nxc5 35. Kg4 Ne4 36. f3 Nxc3 37. bxc3 a5 38. h4 a4 39. h5 Kg7 40. Kg5 a3 41. h6+ Kh7 42. Kh5 a2 43. g4 a1Q 44. g5 Qh1+ 45. Kg4 Kg6 46. f4 Qg2+ 47. Kh4 0-1

[Event "Steinfurt Kreisklasse 0203"]
[Site "Germany"]
[Date "2002.09.21"]
[Round "1.4"]
[White "Winter, Engelbert"]
[Black "Menz, Robert"]
[Result "0-1"]
[WhiteElo "1131"]
[BlackElo "1641"]
[PlyCount "100"]
[EventDate "2002.09.21"]
[EventType "team-tourn"]
[EventRounds "10"]
[EventCountry "GER"]
[SourceTitle "EXT 2005"]
[Source "ChessBase"]
[SourceDate "2004.11.15"]
[SourceVersion "1"]
[SourceVersionDate "2004.11.15"]
[SourceQuality "1"]
[WhiteTeam "Saerbeck Falke IV"]
[BlackTeam "Saerbeck Falke III"]
[WhiteTeamCountry "GER"]
[BlackTeamCountry "GER"]

1. d4 f5 2. Nf3 Nf6 3. c4 g6 4. Nc3 Bg7 5. e3 0-0 6. Be2 d6 7. 0-0 Nbd7 8. Qb3 c5 9. Rd1 b6 10. d5 Ng4 11. Nd2 Nde5 12. h3 Nh6 13. f4 Nef7 14. Nf3 Kh8 15. Rb1 Ng8 16. Nb5 Nf6 17. Bd2 Ne4 18. Be1 Bb7 19. Bd3 Bc8 20. Qc2 e5 21. dxe6 Bxe6 22. Nc3 Nf6 23. b3 Qe7 24. Qf2 Qb7 25. Be2 Ne4 26. Nxe4 fxe4 27. Nh2 d5 28. cxd5 Bxd5 29. Bg4 Ne5 30. Bc3 Nd3 31. Bxg7+ Qxg7 32. Qf1 b5 33. Be2 c4 34. Bxd3 cxd3 35. Qf2 Rac8 36. Qd2 Rc2 37. Qb4 a6 38. Qd6 Bb7 39. Ng4 Rfc8 40. Ne5 R2c7 41. a3 Qe7 42. Qxe7 Rxe7 43. h4 Rc2 44. Ng4 Rec7 45. Nf2 Re2 46. Rbc1 Rd7 47. Ra1 Rxe3 48. Re1 Rxe1+ 49. Rxe1 d2 50. Rd1 e3 0-1